The book of the dead : (Record no. 2190)
[ view plain ]
| 000 -CABECERA | |
|---|---|
| campo de control de longitud fija | 00855cam a2200217 a 4500 |
| 001 - NÚMERO DE CONTROL | |
| campo de control | 000002348 |
| 005 - FECHA Y HORA DE LA ÚLTIMA TRANSACCIÓN | |
| campo de control | 20200929150204.0 |
| 008 - DATOS DE LONGITUD FIJA--INFORMACIÓN GENERAL | |
| campo de control de longitud fija | 790516r1960 nyua b 000 0 eng d |
| 020 ## - NÚMERO INTERNACIONAL ESTÁNDAR DEL LIBRO | |
| Número Internacional Estándar del Libro | 0821600214 |
| 020 ## - NÚMERO INTERNACIONAL ESTÁNDAR DEL LIBRO | |
| Número Internacional Estándar del Libro | 0806505915 |
| 040 ## - FUENTE DE LA CATALOGACIÓN | |
| Centro catalogador/agencia de origen | DO-SdBNP |
| Lengua de catalogación | spa |
| Centro/agencia transcriptor | BNPHU |
| 082 ## - NÚMERO DE LA CLASIFICACIÓN DECIMAL DEWEY | |
| Número de clasificación | 299.9262 |
| Número de documento/Ítem | B724d |
| 245 04 - MENCIÓN DE TÍTULO | |
| Título | The book of the dead : |
| Resto del título | the hieroglyphic transcript of the Papyrus of Ani / |
| Mención de responsabilidad, etc. | traducción en inglés e introducción E. A. Wallis Budge. |
| 260 ## - PUBLICACIÓN, DISTRIBUCIÓN, ETC. | |
| Lugar de publicación, distribución, etc. | New Jersey : |
| Nombre del editor, distribuidor, etc. | University Books, |
| Fecha de publicación, distribución, etc. | 1960. |
| 300 ## - DESCRIPCIÓN FÍSICA | |
| Extensión | xiv, 704 p. : |
| Otras características físicas | il. ; |
| Dimensiones | 24 cm. |
| 500 ## - NOTA GENERAL | |
| Nota general | Décima primera reimpresión del la primera edición, 1981. |
| 500 ## - NOTA GENERAL | |
| Nota general | Incluye referencias bibliográficas y notas al pie de las páginas. |
| 651 #4 - PUNTO DE ACCESO ADICIONAL DE MATERIA--NOMBRE GEOGRÁFICO | |
| Nombre geográfico | Egipto |
| Subdivisión general | Religión |
| 9 (RLIN) | 7460 |
| 650 #4 - PUNTO DE ACCESO ADICIONAL DE MATERIA--TÉRMINO DE MATERIA | |
| Término de materia o nombre geográfico como elemento de entrada | Leyendas |
| Subdivisión geográfica | Egipto |
| 9 (RLIN) | 7461 |
| 700 1# - PUNTO DE ACCESO ADICIONAL--NOMBRE DE PERSONA | |
| Nombre de persona | Budge, E. A. Wallis |
| Forma completa/desarrollada del nombre | (Ernest Alfred Wallis), |
| Fechas asociadas al nombre | 1857-1934, |
| Término indicativo de función/relación | tr. |
| 9 (RLIN) | 7462 |
| Estado de retiro | Estado de pérdida | Restricciones de uso | No para préstamo | Código de colección | Localización permanente | Ubicación/localización actual | Ubicación en estantería | Fecha de adquisición | Número de inventario | Total de préstamos | Signatura topográfica completa | Código de barras | Fecha visto por última vez | Precio válido a partir de | Tipo de ítem Koha | Número de copia |
|---|---|---|---|---|---|---|---|---|---|---|---|---|---|---|---|---|
| Excluido de préstamo | Monografías: Libros y Folletos | General | General | Depósito | 22.09.2009 | LF1 | 299.9262 B724d | 2348-10 | 25.06.2020 | 25.06.2020 | No se presta | |||||
| Extraviado | Excluido de préstamo | Monografías: Libros y Folletos | General | General | Extraviado | 22.05.2017 | LF1 | 299.9262 B724d | 2348-20 | 25.06.2020 | 25.06.2020 | No se presta | e. 2 |
